<?xml version="1.0" encoding="UTF-8"?>
<record
    xmlns:xsi="http://www.w3.org/2001/XMLSchema-instance"
    xsi:schemaLocation="http://www.loc.gov/MARC21/slim http://www.loc.gov/standards/marcxml/schema/MARC21slim.xsd"
    xmlns="http://www.loc.gov/MARC21/slim">

  <leader>00860nam a2200241Ia 4500</leader>
  <controlfield tag="008">201125s9999||||xx |||||||||||||| ||und||</controlfield>
  <datafield tag="020" ind1=" " ind2=" ">
    <subfield code="a">9789881950994</subfield>
  </datafield>
  <datafield tag="020" ind1=" " ind2=" ">
    <subfield code="a">9881950996</subfield>
  </datafield>
  <datafield tag="041" ind1=" " ind2=" ">
    <subfield code="a">chi</subfield>
    <subfield code="h">eng</subfield>
  </datafield>
  <datafield tag="050" ind1=" " ind2=" ">
    <subfield code="a">BV652</subfield>
    <subfield code="b">.W6612 2011</subfield>
  </datafield>
  <datafield tag="100" ind1=" " ind2=" ">
    <subfield code="a">Wong, Annisa Sin-Yi</subfield>
  </datafield>
  <datafield tag="245" ind1=" " ind2="0">
    <subfield code="a">&#x300C;&#x4EE5;&#x795E;&#x70BA;&#x672C;&#x300D;&#x7684;&#x7BA1;&#x7406;&#x8207;&#x884C;&#x653F; :</subfield>
    <subfield code="b">&#x7406;&#x8AD6;&#x53CA;&#x6574;&#x5408; /</subfield>
    <subfield code="c">&#x6C6A;&#x5584;&#x5100;&#x8457; ; &#x9127;&#x6DD1;&#x6587;, &#x66FE;&#x7D00;&#x6676;[&#x5408;&#x8B6F;]</subfield>
  </datafield>
  <datafield tag="246" ind1=" " ind2=" ">
    <subfield code="a">&#x300C;&#x4EE5;&#x795E;&#x4E3A;&#x672C;&#x300D;&#x7684;&#x7BA1;&#x7406;&#x4E0E;&#x884C;&#x653F; : </subfield>
    <subfield code="b">&#x7406;&#x8BBA;&#x53CA;&#x6574;&#x5408;/</subfield>
  </datafield>
  <datafield tag="260" ind1=" " ind2=" ">
    <subfield code="a">&#x9999;&#x6E2F; :</subfield>
    <subfield code="b">&#x795A;&#x9867;&#x554F;&#x516C;&#x53F8;,</subfield>
    <subfield code="c">2011</subfield>
  </datafield>
  <datafield tag="300" ind1=" " ind2=" ">
    <subfield code="a">248 p.</subfield>
    <subfield code="b">ill.;</subfield>
    <subfield code="c">22 cm.</subfield>
  </datafield>
  <datafield tag="500" ind1=" " ind2=" ">
    <subfield code="a">Translation of: God-centered management and administration : Christian management for ministerial workers.</subfield>
  </datafield>
  <datafield tag="650" ind1=" " ind2=" ">
    <subfield code="a">Church management.</subfield>
  </datafield>
  <datafield tag="650" ind1=" " ind2=" ">
    <subfield code="a">Management -- Religious aspects -- Christianity.</subfield>
  </datafield>
  <datafield tag="700" ind1=" " ind2=" ">
    <subfield code="a">&#x66FE;&#x7D00;&#x6676;</subfield>
  </datafield>
  <datafield tag="700" ind1=" " ind2=" ">
    <subfield code="a">&#x6C6A;&#x5584;&#x5100;</subfield>
  </datafield>
  <datafield tag="700" ind1=" " ind2=" ">
    <subfield code="a">&#x9127;&#x6DD1;&#x6587;</subfield>
  </datafield>
  <datafield tag="952" ind1=" " ind2=" ">
    <subfield code="0">0</subfield>
    <subfield code="1">0</subfield>
    <subfield code="4">0</subfield>
    <subfield code="7">0</subfield>
    <subfield code="a">GETS</subfield>
    <subfield code="b">GETS</subfield>
    <subfield code="c">GEN</subfield>
    <subfield code="d">2020-11-25</subfield>
    <subfield code="l">1</subfield>
    <subfield code="m">1</subfield>
    <subfield code="o">BV652 .W6612 2011</subfield>
    <subfield code="p">00019614</subfield>
    <subfield code="r">2025-08-11 10:00:53</subfield>
    <subfield code="s">2024-01-18</subfield>
    <subfield code="w">2020-11-25</subfield>
    <subfield code="y">CB</subfield>
  </datafield>
  <datafield tag="999" ind1=" " ind2=" ">
    <subfield code="c">31944</subfield>
    <subfield code="d">31944</subfield>
  </datafield>
</record>
